000 01190nam a22002897 4500
999 _c1134
_d1134
003 AR-BaISA
005 20221006092656.0
007 ta
008 221006s2009 ag ado|| |||| 001 0 spa d
020 _a9789500604469
040 _bspa
_cAR-BaISA
082 0 4 _222
_a618.920 1 C335n
245 0 0 _aNeonatología práctica /
_cdirector José M. Ceriani Cernadas; directores asociados Carlos A. Fustiñana, Gonzalo Mariani, Alejandro Jenik, Ernesto A. Lupo
250 _a4ª ed.
260 _aBuenos Aires:
_bMédica Panamericana,
_c2009
300 _aXVI, 898 p.:
_bil., fotos, gráfs., tablas
504 _aBibliografía al final de cada capítulo.
504 _aÍndice analítico p.: 885-898.
505 _tMedicina fetal --
_tAspectos generales del cuidado neonatal --
_tEl recién nacido prematuro --
_tAspectos nutricionales del recién nacido --
_tEnfermedades y trastornos neonatales
650 1 0 _91582
_aNeonatología
700 1 _91880
_aCeriani Cernadas, José María
_edir.
700 1 _92580
_aFustiñana, Carlos A.
_edir.
700 1 _92581
_aMariani, Gonzalo
_edir.
700 1 _92582
_aJenik, Alejandro
_edir.
700 1 _92583
_aLupo, Ernesto
_edir.
942 _2ddc
_cLI
_e22